000 00358nam a2200157Ia 4500
008 210210b1926 xxu||||| |||| 00| 0 eng d
041 _aeng
082 _a822/304
100 _aCOBBETT (W)
245 _aCottage economy
260 _aLondon
_bNot Mentioned
_c1926
650 _aeconomy
650 _aCottage
690 _aEnglish Prose
906 _a012490
999 _c131296
_d131296